00488nam a2200157 i 4500001000300000100001800003245006000021260002100081040000800102041000800110942000700118008004100125999001700166856009800183952004900281bg1 aSTEFANIAK, B. 0aMetody doboru czasopism do prenumeraty /cB. Stefaniak. aWarszawa,c1983. cBPK apol cKS s pl f |000 0 pol  c22716d22716 uhttp://koha.tu.koszalin.pl/cgi-bin/koha/opac-detail.pl?biblionumber=22716yKatalog online BPK 00104070aBPKbBPKcwo31944p02188560yKS